000 00632nam a2200205 4500
001 171061
003 ES-MaACL
005 20260601155231.0
007 t|
008 090424s1927 fr r ||||1| fre d
080 _a821.133.1-2"19"
100 1 _aRolland, Romain,
_d1866-1944
_9239240
245 1 3 _aLe temps viendra
_b: drame en trois actes /
_cRomain Rolland.
250 _aNouvelle éd.
260 _aParis :
_bAlbin Michel (
_fPaul Dupont,
_g1927)
300 _a254 p. ;
_c19 cm.
596 _aFecha de cop.: 1938.
852 4 _aES-MaACL
_jE-12610
_9R.140241
_z. - Biblioteca Jacinto Martínez Lacalle
999 _c171061
_d171061